| 000 | 00946nam a2200217Ia 4500 | ||
|---|---|---|---|
| 003 | OSt | ||
| 005 | 20250821155217.0 | ||
| 008 | 220922b |||||||| |||| 00| 0 hin d | ||
| 037 | _cTB | ||
| 040 |
_aARTS _cARTS _bhin |
||
| 041 |
_2hin _ahin |
||
| 084 |
_aO152:gN M0 _qAL |
||
| 100 |
_aमिश्र, सत्यदेव _9156279 |
||
| 245 | 0 | _aशुक्लोत्तर हिन्दी आलोचना पर पाश्चात्य साहित्ययिक अवधाराणाओ का प्रभाव | |
| 246 | _aShuklottar hindī ālochanā par pāshchātya sāhityayik avadhārāṇāo kā prabhāva | ||
| 260 |
_aदिल्ली _b प्रकाशन संस्थान _c1980 |
||
| 300 |
_a272 पृ. _ccm. |
||
| 650 |
_aहिन्दी साहित्य _9156264 |
||
| 942 |
_hO152:gN M0 _cTB _2CC _n0 |
||
| 999 |
_c312366 _d312366 |
||